Anything Else = Anything Else /
I tiakina i:
| Kaituhi matua: | |
|---|---|
| Ētahi atu kaituhi: | , , , , , |
| Hōputu: | |
| Reo: | Ingarihi |
| I whakaputaina: |
EUA :
Gravier Productions,
2003, c2003
|
| Ngā marau: | |
| Ngā Tūtohu: |
Kāore He Tūtohu, Me noho koe te mea tuatahi ki te tūtohu i tēnei pūkete!
|
MARC
| LEADER | 00000ngm^a2200000^a^4500 | ||
|---|---|---|---|
| 001 | 000184435 | ||
| 005 | 20250521000000.0 | ||
| 009 | 20260310102115.919 | ||
| 020 | |a 0-7832-9531-6 | ||
| 037 | |a Acervo ITESO - Biblioteca | ||
| 041 | |a ING | ||
| 082 | |a 810. |b ALL | ||
| 100 | |a Allen, Woody |e (realización) | ||
| 240 | 1 | 1 | |a [Muero por ti] |
| 245 | 1 | 0 | |a Anything Else = |b Anything Else / |c Realización de W. Allen. |
| 246 | 2 | |a Título de exhibición cinematográfica en México: Muero por ti | |
| 264 | 4 | |a EUA : |b Gravier Productions, |c 2003, c2003 | |
| 264 | 2 | |a Santa Mónica, EUA : |b DreamWorks [distritución], |c 2003, c2003 | |
| 300 | |a 1 DVD región 1 |c (108 min.) | ||
| 336 | |a imagen móvil bidimensional |b tdi |2 rdacontenido | ||
| 337 | |a video |b v |2 rdamedio | ||
| 338 | |a videodisco |b vd |2 rdasoporte | ||
| 546 | |a En inglés, con subtítulos opcionales: español, francés, inglés | ||
| 649 | |a XX | ||
| 650 | |a Comedias Cinematográficas | ||
| 650 | |a Cine Norteamericano - |y 2000-2009 | ||
| 650 | |a Cine Norteamericano - |y Siglo XXI | ||
| 650 | |a Jóvenes | ||
| 650 | |a Escritores | ||
| 650 | |a Infidelidad | ||
| 650 | |a Relaciones de Pareja | ||
| 650 | |a Sexualidad | ||
| 650 | |a Amistad | ||
| 650 | |a Maternidad | ||
| 650 | |a Relaciones Padres-Hijos | ||
| 650 | |a Relaciones Familiares | ||
| 650 | |a Egoísmo | ||
| 650 | |a Comunicación Personal | ||
| 650 | |a Humor | ||
| 650 | |a Creación (Literaria, Artística, etc.) | ||
| 650 | |a Nueva York, EUA en el Cine | ||
| 700 | |a Allen, Woody |e (guión) | ||
| 700 | |a Khondji, Darius |e (fotógrafo) | ||
| 700 | |a Lepselter, Alisa |e (montaje) | ||
| 700 | |a Biggs, Jason |e (actuación) | ||
| 700 | |a Ricci, Christina |e (actuación) | ||
| 700 | |a Allen, Woody |e (actuación) | ||
| 910 | |a Fondo General | ||
| 920 | |a Audiovisuales - DVDs | ||
| 940 | |a Películas | ||
| 905 | |a 302 | ||
| 901 | |a 0500094066 |b IT2 |c DVS |u 20250521 | ||
| 902 | |a https://opac.biblio.iteso.mx/vufind/Record/000184435 | ||